000 00719cam a2200169 i 4500
005 20251208125244.0
008 250721s2023 jo gr 000 0 ara d
082 1 4 _a215.15
_bا ش ع
245 1 2 _aالشرح الاكمل لرسالة الامام أحمد بن جهبل في رده على ابن تيمية /
_cدراسة وتعليق الأستاذ الدكتور علي عايد مقدادي الحاتمي الاشعري.
250 _aالطبعة الأولى.
264 3 1 _aالقدس :
_bدار الجندي للنشر و التوزيع،
_c2023.
300 _a353 صفحه.
650 1 7 _aالعقيدة الدينية.
650 1 7 _aابن تيمية.
942 _2ddc
_cBK
999 _c144931
_d144931